000 00748nam a2200229Ia 4500
003 OSt
005 20220923220421.0
006 a|||||r|||| 00| 0
007 ta
008 220922b |||||||| |||| 00| 0 hin d
024 _a186,508
037 _cTextual
040 _aARTS
_cARTS
_bhin
041 _2hin
_ahin
082 _aY:1.23717, 152H7-;1
100 _aसहल, कन्हैयालाल
245 0 _aराजस्थान के ऐतिहासिक प्रवाद (प्रथम शतक)
246 _aRājasthān ke aitihāsik pravād (pratham shataka)
260 _c1947
942 _hY:1.23717, 152H7-;1
_cTEXL
_2CC
999 _c339751
_d339751